000 00574cam a2200181 4500
001 D2330
008 090401t1978 xxu||||| |||| 00| 0 eng d
035 _a(Sirsi) u68611
041 _aeng
050 _a338.4569
110 _aThe Chartered Institute of Public Finance and Accountancy
_9898
245 2 _aA review of building construction practices in local authorities: contracting procedures, obtaining value for money and the avoidance of malpractice
260 _aLondon
_bCIPFA
_c1978
300 _a50p. 21cm
350 _a2.25
942 _n0
948 _c04/03/1997
999 _c95125
_d95125